Численное исследование влияния длительности нагревания термопреобразователей сопротивления на погрешность измерения; Современные техника и технологии; Т. 1

Bibliografski detalji
Parent link:Современные техника и технологии: сборник трудов XXI международной научной конференции студентов, аспирантов и молодых ученых, Томск, 5-9 октября 2015 г./ Национальный исследовательский Томский политехнический университет (ТПУ).— , 2015
Т. 1.— [С. 4-6]
Glavni autor: Абрамова А. В.
Autor kompanije: Национальный исследовательский Томский политехнический университет (ТПУ) Энергетический институт (ЭНИН) Кафедра электроэнергетических систем (ЭЭС)
Daljnji autori: Бычкова А. А. (научный руководитель), Атрошенко Ю. К. Юлиана Константиновна
Sažetak:Заглавие с титульного экрана
The numerical study of the integral characteristics of heat transfer process in three types RTD at measurement high temperatures was done. As a result of numerical study the heat transfer model in the sensing element of RTD was developed. These have been shown that measurement error depends inversely and nonlinearly from heating duration of RTD. The theoretical dependences of relative error of RTD from time required for heating sensitive element were determined.
Jezik:ruski
Izdano:
Serija:Устойчивая энергетика
Teme:
Online pristup:http://earchive.tpu.ru/handle/11683/22120
http://www.lib.tpu.ru/fulltext/c/2015/C01/V1/001.pdf
Format: MixedMaterials Elektronički Poglavlje knjige
KOHA link:https://koha.lib.tpu.ru/cgi-bin/koha/opac-detail.pl?biblionumber=615058

MARC

LEADER 00000naa2a2200000 4500
001 615058
005 20231101132835.0
035 |a (RuTPU)RU\TPU\conf\13253 
035 |a RU\TPU\conf\3801 
090 |a 615058 
100 |a 20151023d2015 k y0rusy50 ca 
101 0 |a rus  |d eng 
102 |a RU 
105 |a y z 101zy 
135 |a drcn ---uucaa 
181 0 |a i  
182 0 |a b 
200 1 |a Численное исследование влияния длительности нагревания термопреобразователей сопротивления на погрешность измерения  |d Numerical research of influence of duration of heating of thermoconverters of resistance on the measurement error  |f А. В. Абрамова, А. А. Бычкова  |g науч. рук. Ю. К. Атрошенко 
203 |a Текст  |c электронный 
225 1 |a Устойчивая энергетика 
230 |a 1 компьютерный файл (pdf; 675 Kb) 
300 |a Заглавие с титульного экрана 
320 |a [Библиогр.: с. 6 (7 назв.)] 
330 |a The numerical study of the integral characteristics of heat transfer process in three types RTD at measurement high temperatures was done. As a result of numerical study the heat transfer model in the sensing element of RTD was developed. These have been shown that measurement error depends inversely and nonlinearly from heating duration of RTD. The theoretical dependences of relative error of RTD from time required for heating sensitive element were determined. 
337 |a Adobe Reader 
461 1 |0 (RuTPU)RU\TPU\conf\13102  |t Современные техника и технологии  |o сборник трудов XXI международной научной конференции студентов, аспирантов и молодых ученых, Томск, 5-9 октября 2015 г.  |o в 2 т.  |f Национальный исследовательский Томский политехнический университет (ТПУ)  |d 2015 
463 0 |0 (RuTPU)RU\TPU\conf\13104  |t Т. 1  |f под ред. А. А. Сивкова [и др.]  |v [С. 4-6] 
510 1 |a Numerical research of influence of duration of heating of thermoconverters of resistance on the measurement error  |z eng 
610 1 |a труды учёных ТПУ 
610 1 |a электронный ресурс 
610 1 |a численные исследования 
610 1 |a нагревание 
610 1 |a термопреобразователи сопротивления 
610 1 |a погрешности измерения 
700 1 |a Абрамова  |b А. В. 
701 1 |a Бычкова  |b А. А. 
702 1 |a Атрошенко  |b Ю. К.  |c специалист в области теплоэнергетики  |c ассистент кафедры Томского политехнического университета  |f 1989-  |g Юлиана Константиновна  |2 stltpush  |4 727 
712 0 2 |a Национальный исследовательский Томский политехнический университет (ТПУ)  |b Энергетический институт (ЭНИН)  |b Кафедра электроэнергетических систем (ЭЭС)  |h 6980  |2 stltpush  |3 (RuTPU)RU\TPU\col\18675 
801 2 |a RU  |b 63413507  |c 20210119  |g RCR 
856 4 |u http://earchive.tpu.ru/handle/11683/22120 
856 4 |u http://www.lib.tpu.ru/fulltext/c/2015/C01/V1/001.pdf 
942 |c BK